00790nam a22002897a 4500003000500000005001700005008004100022010001100063011001100074020001800085022001400103035001100117040000900128082001600137110000800153245007200161260002400233300003700257490004000294505003300334650001800367650002000385650001600405650002600421650001300447830004000460CHAP20220817044515.0120227s2011 it a rn 00010 eng d a102853 a103825 a97892510687000 a1020-4695 a114514 cCHAP04a574.5aF21y2 aFAO10aEnvironmental management tool kit for obsolete pesticidesc/por FAO aRome :bFAO ,c2011 axvii, 356 p. :bgráfs., tablas 0aFAO pesticide disposal seriesv; 150 aLa biblioteca tiene : Pte. 314aEvaluación.14aMedio ambiente.14aPesticidas.14aPolítica ambiental.14aRiesgos. 0aFAO pesticide disposal seriesv; 15